Clubs d'Eredivisie (Pays-Bas) - Statistiques

Statistiques générales
  • Ce quiz a été pris 47 fois
  • Le résultat moyen est 7 sur 18
Statistiques - réponses
Nombre de fois champion Club % Correct
36 Ajax
98%
24 PSV
95%
16 Feyenoord
90%
2 Az
62%
0 Sparta Rotterdam
60%
1 Twente
57%
0 Groningen
40%
1 Utrecht
40%
0 Heerenveen
38%
0 Heracles
24%
0 Breda
19%
0 Willem II
19%
0 Zwolle
19%
0 Almere City
17%
0 Eagles
17%
0 Waalwijk
17%
0 Nijmegen
14%
0 Sittard
14%
Aucun quiz correspondant
Distribution des résultats
% des personnes avec chaque résultat
Percentile par nombre de réponses
Votre historique - résultats
Vous n’avez pas pris ce quiz